Limit cycles in mass-conserving deficiency-one mass-action systems
We present some simple mass-action systems with limit cycles that fall under the scope of the Deficiency-One Theorem. All the constructed examples are massconserving and their stoichiometric subspace is two-dimensional. Using the continuation software MATCONT, we depict the limit cycles in all stoic...
Elmentve itt :
| Szerzők: | |
|---|---|
| Dokumentumtípus: | Folyóirat |
| Megjelent: |
2022
|
| Sorozat: | Electronic journal of qualitative theory of differential equations
|
| Kulcsszavak: | Andronov-Hopf bifurkáció |
| Tárgyszavak: | |
| doi: | 10.14232/ejqtde.2022.1.42 |
| Online Access: | http://acta.bibl.u-szeged.hu/76543 |
| LEADER | 01411nas a2200241 i 4500 | ||
|---|---|---|---|
| 001 | acta76543 | ||
| 005 | 20221108082922.0 | ||
| 008 | 220909s2022 hu o 0|| eng d | ||
| 022 | |a 1417-3875 | ||
| 024 | 7 | |a 10.14232/ejqtde.2022.1.42 |2 doi | |
| 040 | |a SZTE Egyetemi Kiadványok Repozitórium |b hun | ||
| 041 | |a eng | ||
| 100 | 1 | |a Boros Balázs | |
| 245 | 1 | 0 | |a Limit cycles in mass-conserving deficiency-one mass-action systems |h [elektronikus dokumentum] / |c Boros Balázs |
| 260 | |c 2022 | ||
| 300 | |a 18 | ||
| 490 | 0 | |a Electronic journal of qualitative theory of differential equations | |
| 520 | 3 | |a We present some simple mass-action systems with limit cycles that fall under the scope of the Deficiency-One Theorem. All the constructed examples are massconserving and their stoichiometric subspace is two-dimensional. Using the continuation software MATCONT, we depict the limit cycles in all stoichiometric classes at once. The networks are trimolecular and tetramolecular, and some exhibit two or even three limit cycles. Finally, we show that the associated mass-action system of a bimolecular reaction network with two-dimensional stoichiometric subspace does not admit a limit cycle. | |
| 650 | 4 | |a Természettudományok | |
| 650 | 4 | |a Matematika | |
| 695 | |a Andronov-Hopf bifurkáció | ||
| 700 | 0 | 1 | |a Hofbauer Josef |e aut |
| 856 | 4 | 0 | |u http://acta.bibl.u-szeged.hu/76543/1/ejqtde_2022_042.pdf |z Dokumentum-elérés |